Normal view
MARC view
- Weste, Neil H. E
Entry Personal Name
001 - CONTROL NUMBER
- control field: 53484
003 - CONTROL NUMBER IDENTIFIER
- control field: NUST
005 - DATE AND TIME OF LATEST TRANSACTION
- control field: 20210421115727.0
008 - FIXED-LENGTH DATA ELEMENTS
- fixed length control field: 210421|| aca||aabn | a|a d
040 ## - CATALOGING SOURCE
- Original cataloging agency: NUST
- Transcribing agency: NUST
100 ## - HEADING--PERSONAL NAME
- Personal name: Weste, Neil H. E
670 ## - SOURCE DATA FOUND
- Source citation: Work cat.: (NUST): Weste, Neil H. E., Principles of CMOS VLSI design 2nd :, 1993
